000 00632nam a2200229 i 4500
001 C2-0241858
003 PPAK
005 20180727204053.0
008 020819s enk |||| ||||| | eng d
040 _aPPAK
_beng
_cPPAK
_erda
082 0 4 _a823
_223
090 0 0 _a823
_bGOL
_dKSI
100 1 _aGoldsmith, Oliver,
_eauthor
245 1 0 _aShe stoops to conquer
264 1 _aLondon :
_bBlackie & Son Ltd. ,
_c[date of publication not identified]
300 _a80 pages ;
_c16 cm
336 _2rdacontent
_atext
337 _2rdamedia
_aunmediated
338 _2rdacarrier
_avolume
650 1 0 _aEnglish Fiction.
942 _ddc
_cB
999 _c56755
_d56755